Текст томруулах:    
The Asia Pacific journal of economics & business (Бичлэгийн дугаар. 146100)
000 -УДИРДЛАГА
Удирдлага 01039nam a22003257a 4500
003 - ХЯНАЛТЫН ТОО ТОДОРХОЙЛОГЧ
Код MN-UlNUM
005 - БИЧИЛТ ХИЙСЭН ОГНОО
Тухайн бичилтийг бичсэн засварласан сүүлийн огноо 20260106161312.0
008 - ЕРӨНХИЙ МЭДЭЭЛЭЛ
Ерөнхий мэдээлэл 260106u1997 uuu||||| z||| 00| 0 eng |
022 ## - ISSN
ISSN 13268481
040 ## - БИЧЛЭГ ҮҮСГЭГЧ БАЙГУУЛЛАГА
Бичлэг үүсгэгч номын сангийн код МУИС-ийн номын сан
084 ## - ББК АНГИЛАЛ
Нэмэлт тусгалт Бусад
ББК ангилал 65.290-2
Зохиогчийн гурван тэмдэгт A 82
Мэдлэгийн ялгаа 65 - Эдийн засаг
245 04 - ҮНДСЭН ГАРЧИГ
Номын нэр The Asia Pacific journal of economics & business
246 ## - ЗЭРЭГЦЭЭ ГАРЧИГ
Зэрэгцээ гарчиг Asia Pacific journal of economics and business
260 ## - ГАРАЛТЫН МЭДЭЭ
Хэвлэгдсэн газар Perth, W.A. :
Хэвлэлийн газар Jointly published by the Institute for Research into International Competitiveness (IRIC), Curtin University of Technology, and the Association of Economic Studies, Ryukoku University
Хэвлэгдсэн он 1997-
300 ## - МАТЕРИАЛЫН ТОДОРХОЙЛОЛТ
хуудасны тоо volumes :
Бусад тоон мэдээлэл illustrations ;
Хэмжээ 25 cm
500 ## - Тайлбар
Дансны дугаар БС 4775
546 ## - ХЭЛНИЙ ТУХАЙ МЭДЭЭ
Хэл Англи хэл дээр,
653 ## - Түлхүүр үг
Түлхүүр үг commerce
653 ## - Түлхүүр үг
Түлхүүр үг east Asia
653 ## - Түлхүүр үг
Түлхүүр үг economic conditions
653 ## - Түлхүүр үг
Түлхүүр үг periodicals
653 ## - Түлхүүр үг
Түлхүүр үг pacific Area
740 ## - НОМЫН ГАРЧИГ
Гарчиг Articles
740 ## - НОМЫН ГАРЧИГ
Гарчиг Shorter papers
740 ## - НОМЫН ГАРЧИГ
Гарчиг Book reviews
740 ## - НОМЫН ГАРЧИГ
Гарчиг Book received
740 ## - НОМЫН ГАРЧИГ
Гарчиг Notes on contributors
942 ## - ЭЛЕМЕНТИЙН ТӨРӨЛ
Зүйлийн төрөл Ном